Logo BPK

Biblioteka

Politechniki Koszalińskiej

Jahrbuch für Internationale Germanistik. (Rekord nr 50396)

Szczegóły MARC
000 -ETYKIETA REKORDU
podpole kontrolne o stałej długości 00606nam a2200205 i 4500
001 - NUMER KONTROLNY REKORDU
pole kontrolne bgj
040 ## - ŹRÓDŁO KATALOGOWANIA
Instytucja, która utworzyła rekord BPK
041 0# - KOD JĘZYKA
Kod języka tekstu ger
044 ## - KOD KRAJU WYDAWCY/PRODUCENTA
Kod kraju wydawcy/producenta DEU
080 ## - UNIWERSALNA KLASYFIKACJA DZIESIĘTNA - UKD
UKD 81'1
008 - POLE O STAŁEJ DŁUGOŚCI - DANE KONTROLNE
podpole kontrolne o stałej długości s gw f |000 0 ger
245 10 - TYTUŁ/ODPOWIEDZIALNOŚĆ
Tytuł Jahrbuch für Internationale Germanistik.
Oznaczenie części/sekcji dzieła Jahrgang 2 ; Heft 1 /
Pozostałe elementy strefy tytułu i oznaczenia odpowiedzialności hrsg. von Claude David [et al.] ; Geschäftsführender Herausgegeber Hans-Gert Roloff.
260 ## - STREFA ADRESU WYDAWNICZEGO
Miejsce wydania Frankfurt (M) :
Nazwa wydawcy/dystrybutora Athenäum Verlag,
Data publikacji, dystrybucji/powstania dokumentu 1970.
300 ## - STREFA OPISU FIZYCZNEGO
Objętość 309 s. ;
Rozmiary 23 cm.
504 ## - UWAGA DOTYCZĄCA BIBLIOGRAFII
Informacje o bibliografii Indeks.
650 9# - HASŁO PRZEDMIOTOWE W FORMIE NAZWY OGÓLNEJ LUB JEDNOSTKOWEJ
Nazwa ogólna lub geograficzna Językoznawstwo
700 1# - HASŁO DODATKOWE - NAZWA OSOBOWA
Nazwa osobowa DAVID, Claude.
700 1# - HASŁO DODATKOWE - NAZWA OSOBOWA
Nazwa osobowa ROLLOF, Hans-Gert.
942 ## - DODATKOWE ELEMENTY (KOHA)
Typ dokumentu Książka
Egzemplarze
Wycofany Status egzemplarza Uszkodzony Dostępność Lokalizacja stała Lokalizacja bieżąca Miejsce przechowywania Sygnatura Kod kreskowy Typ dokumentu
      Dostępny Biblioteka Politechniki Koszalińskiej Biblioteka Politechniki Koszalińskiej Wypożyczalnia Językowa N 304 02436272 Książka
© 2023 Biblioteka Politechniki Koszalińskiej :: KOHA